000 00581nam a2200217 a 4500
001 BRCA_7213
005 20190320205744.0
008 170112s1940----u--af#####---#000-0#eng-#
041 _aeng
044 _au
050 4 _aN5940
_b.M43
245 1 0 _aMediaeval art
_cMorey
260 _aNewton, Mass
_bThe University Prints
_c[1940]
300 _a1 estuche con láminas
_bil., 171 láminas
_c21 cm.
440 0 _aUniversity Prints, Student series
_vK
_917872
500 _aP108
650 1 4 _aArte medieval
_911014
700 1 _aMorey
_eed.
_917873
902 _aGFM
942 _2lcc
_cB
999 _c6894
_d6894